NRM 3 (Record no. 115470)
[ view plain ]
| 000 -LEADER | |
|---|---|
| fixed length control field | 01873cam a22003135a 4500 |
| 001 - CONTROL NUMBER | |
| control field | 115470 |
| 008 - FIXED-LENGTH DATA ELEMENTS--GENERAL INFORMATION | |
| fixed length control field | 090303s2014 xxk f 001 0 eng d |
| 020 ## - INTERNATIONAL STANDARD BOOK NUMBER | |
| International Standard Book Number | 9781783210244 |
| 041 0# - LANGUAGE CODE | |
| Language code of text/sound track or separate title | eng |
| 050 04 - LIBRARY OF CONGRESS CALL NUMBER | |
| Classification number | 692.3095 |
| 110 2# - MAIN ENTRY--CORPORATE NAME | |
| Corporate name or jurisdiction name as entry element | Royal Institution of Chartered Surveyors |
| 9 (RLIN) | 4900 |
| 240 ## - UNIFORM TITLE | |
| Uniform title | NRM 3 |
| 245 00 - TITLE STATEMENT | |
| Title | NRM 3 |
| Remainder of title | New rules of measurement |
| -- | order of cost estimating cost planning for building maintenance works |
| Statement of responsibility, etc. | [old edition] |
| 260 ## - PUBLICATION, DISTRIBUTION, ETC. | |
| Place of publication, distribution, etc. | London, |
| Name of publisher, distributor, etc. | RICS, |
| Date of publication, distribution, etc. | February 2014 |
| 300 ## - PHYSICAL DESCRIPTION | |
| Extent | viii, 544 p. |
| Other physical details | ill. |
| Dimensions | 30cm. |
| 350 ## - PRICE (NR) (BK AM CF MU VM SE) [OBSOLETE] | |
| Price | 45 |
| 490 #0 - SERIES STATEMENT | |
| Series statement | RICS Guidance Note |
| 505 2# - FORMATTED CONTENTS NOTE | |
| Formatted contents note | Foreword -- Introduction -- Part 1: general -- Part 2: new rules of measurement for building maintenance works -- Part 3: Measurement rules for order of cost estimating (renewal and maintain) -- Part 4: Measurement rules for cost planning of renewal (R) and maintain (M) work -- Part 5: Calculation of annualised costs for renewal (R) and maintain (M) work -- Part 6: Tabulated rules of measurement for elemental cost planning -- Tables -- Appendices -- Bibliography -- Index |
| 520 ## - SUMMARY, ETC. | |
| Summary, etc. | Gives guidance on the quantification and description of maintenance works for the purpose of preparing initial order of cost estimates. The rules also aid the procurement and cost control of maintenance works. Effective from 1 January 2015. |
| 520 ## - SUMMARY, ETC. | |
| Summary, etc. | Superseded by 2nd edition 2021 (ISBN 9781783214266) |
| 521 ## - TARGET AUDIENCE NOTE | |
| Target audience note | Advanced |
| 650 24 - SUBJECT ADDED ENTRY--TOPICAL TERM | |
| Topical term or geographic name entry element | RICS NEW RULES OF MEASUREMENT |
| 650 24 - SUBJECT ADDED ENTRY--TOPICAL TERM | |
| Topical term or geographic name entry element | NEW RULES OF MEASUREMENT 3 |
| 651 #4 - SUBJECT ADDED ENTRY--GEOGRAPHIC NAME | |
| Geographic name | International |
| 690 ## - LOCAL SUBJECT ADDED ENTRY--TOPICAL TERM (OCLC, RLIN) | |
| Topical term or geographic name as entry element | Cost management |
| 9 (RLIN) | 6233 |
| 690 ## - LOCAL SUBJECT ADDED ENTRY--TOPICAL TERM (OCLC, RLIN) | |
| Topical term or geographic name as entry element | Construction management |
| 9 (RLIN) | 6230 |
| 856 ## - ELECTRONIC LOCATION AND ACCESS | |
| Uniform Resource Identifier | <a href="https://www.rics.org/globalassets/rics-website/media/upholding-professional-standards/sector-standards/construction/nrm_3_building_maintenance_works_1st_edition_pgguidance_2013.pdf">https://www.rics.org/globalassets/rics-website/media/upholding-professional-standards/sector-standards/construction/nrm_3_building_maintenance_works_1st_edition_pgguidance_2013.pdf</a> |
| Public note | Archived version available on RICS.org |
| 942 ## - ADDED ENTRY ELEMENTS (KOHA) | |
| Suppress in OPAC | 0 |
| Source of classification or shelving scheme | Dewey Decimal Classification |
| Withdrawn status | Lost status | Source of classification or shelving scheme | Damaged status | Not for loan | Home library | Current library | Shelving location | Date acquired | Total Checkouts | Full call number | Barcode | Date last seen | Copy number | Price effective from | Koha item type |
|---|---|---|---|---|---|---|---|---|---|---|---|---|---|---|---|
| Dewey Decimal Classification | Virtual | Virtual | Online | 30/06/2015 | ONLINE PUBLICATION | 158714-2001 | 06/08/2019 | 1 | 06/08/2019 | Book |